[Event "MITROPA Cup 2014 WOMEN Section"]
[Site "Ruzomberok SLOVAKIA"]
[Date "2014.05.24"]
[Round "2"]
[Board "2"]
[White "Milcova, Zuzana"]
[Black "Kiolbasa, Oliwia"]
[Result "1/2-1/2"]
[WhiteElo "2025"]
[BlackElo "2015"]
[PlyCount "0"]
[EventDate "2014.05.23"]
[EventType "team"]
[EventRounds "9"]
[EventCountry "SVK"]
[WhiteTeam "Slovakia B"]
[BlackTeam "Poland"]

1. e4 {[%clk 1:30:58]} e5 {[%clk 1:30:49]} 2. Nf3 {[%clk 1:31:23]} Nc6
{[%clk 1:31:12]} 3. d4 {[%clk 1:31:48]} exd4 {[%clk 1:31:36]} 4. Nxd4
{[%clk 1:32:13]} Bb4+ {[%clk 1:31:47]} 5. c3 {[%clk 1:31:52]} Bc5
{[%clk 1:32:07]} 6. Nxc6 {[%clk 1:31:35]} bxc6 {[%clk 1:31:46]} 7. Nd2
{[%clk 1:26:24]} Nf6 {[%clk 1:26:36]} 8. Bd3 {[%clk 1:19:26]} O-O
{[%clk 1:20:28]} 9. O-O {[%clk 1:18:09]} d5 {[%clk 1:06:16]} 10. exd5
{[%clk 1:03:19]} cxd5 {[%clk 1:06:02]} 11. h3 {[%clk 1:01:04]} h6
{[%clk 0:50:28]} 12. Re1 {[%clk 0:55:03]} Re8 {[%clk 0:43:19]} 13. Nb3
{[%clk 0:46:30]} Bb6 {[%clk 0:39:47]} 14. Bf4 {[%clk 0:44:10]} Bb7
{[%clk 0:32:17]} 15. Nd4 {[%clk 0:31:46]} Ne4 {[%clk 0:26:28]} 16. Be3
{[%clk 0:22:40]} Qf6 {[%clk 0:23:54]} 17. Bxe4 {[%clk 0:16:39]} Rxe4
{[%clk 0:21:06]} 18. Qf3 {[%clk 0:14:50]} Qg6 {[%clk 0:16:45]} 19. Qf5
{[%clk 0:10:16]} Qxf5 {[%clk 0:10:02]} 20. Nxf5 {[%clk 0:10:44]} Rae8
{[%clk 0:10:25]} 21. Red1 {[%clk 0:09:58]} Bxe3 {[%clk 0:07:37]} 22. Nxe3
{[%clk 0:10:21]} Rd8 {[%clk 0:07:59]} 23. Rd2 {[%clk 0:09:50]} g6
{[%clk 0:03:41]} 24. g4 {[%clk 0:06:59]} Re6 {[%clk 0:03:10]} 25. Rad1
{[%clk 0:06:37]} Red6 {[%clk 0:03:12]} 26. b4 {[%clk 0:05:42]} Bc6
{[%clk 0:02:55]} 27. Rd4 {[%clk 0:04:29]} Kf8 {[%clk 0:01:32]} 28. R1d2
{[%clk 0:03:49]} Ke7 {[%clk 0:01:40]} 29. Kh2 {[%clk 0:03:59]} Ke6
{[%clk 0:01:33]} 30. Kg3 {[%clk 0:03:51]} a5 {[%clk 0:01:31]} 31. a3
{[%clk 0:03:28]} axb4 {[%clk 0:01:24]} 32. axb4 {[%clk 0:03:56]} Bb5
{[%clk 0:01:37]} 33. f3 {[%clk 0:01:55]} Bc6 {[%clk 0:01:10]} 34. h4
{[%clk 0:02:12]} Ra8 {[%clk 0:01:17]} 35. Ng2 {[%clk 0:01:51]} Ra3
{[%clk 0:01:07]} 36. Nf4+ {[%clk 0:01:51]} Kd7 {[%clk 0:01:26]} 37. Nxd5
{[%clk 0:01:48]} Bxd5 {[%clk 0:01:46]} 38. Rxd5 {[%clk 0:02:13]} Rxc3
{[%clk 0:02:11]} 39. Rxd6+ {[%clk 0:01:10]} cxd6 {[%clk 0:02:36]} 40. g5
{[%clk 0:00:42]} hxg5 {[%clk 0:02:15]} 41. hxg5 {[%clk 0:01:10]} Ke6
{[%clk 0:22:09]} 42. Re2+ {[%clk 0:29:41]} Kf5 {[%clk 0:17:45]} 43. Re7
{[%clk 0:29:45]} f6 {[%clk 0:15:34]} 44. gxf6 {[%clk 0:29:47]} Kxf6
{[%clk 0:15:58]} 45. Rd7 {[%clk 0:28:41]} Ke6 {[%clk 0:16:01]} 46. Rg7
{[%clk 0:28:33]} Kf6 {[%clk 0:16:24]} 47. Rd7 {[%clk 0:28:36]} 1/2-1/2

[Event "MITROPA Cup 2014 WOMEN Section"]
[Site "Ruzomberok SLOVAKIA"]
[Date "2014.05.24"]
[Round "2"]
[Board "1"]
[White "Novosadova, Kristyna"]
[Black "Kochetkova, Julia"]
[Result "0-1"]
[WhiteElo "2205"]
[BlackElo "2322"]
[PlyCount "0"]
[EventDate "2014.05.23"]
[EventType "team"]
[EventRounds "9"]
[EventCountry "SVK"]
[WhiteTeam "Czech republic A"]
[BlackTeam "Slovakia A"]

1. e4 {[%clk 1:30:56]} e5 {[%clk 1:30:54]} 2. Nf3 {[%clk 1:31:19]} d6
{[%clk 1:31:19]} 3. d4 {[%clk 1:28:44]} exd4 {[%clk 1:31:32]} 4. Nxd4
{[%clk 1:25:48]} Nf6 {[%clk 1:31:56]} 5. Nc3 {[%clk 1:25:50]} Be7
{[%clk 1:32:24]} 6. h3 {[%clk 1:24:39]} O-O {[%clk 1:32:15]} 7. Be3
{[%clk 1:24:17]} Re8 {[%clk 1:32:29]} 8. Bc4 {[%clk 1:10:35]} Bf8
{[%clk 1:32:05]} 9. O-O {[%clk 1:06:31]} c6 {[%clk 1:32:27]} 10. a4
{[%clk 1:04:14]} Qc7 {[%clk 1:31:51]} 11. Qf3 {[%clk 0:57:32]} Nbd7
{[%clk 1:29:47]} 12. Qg3 {[%clk 0:51:11]} Nxe4 {[%clk 1:16:34]} 13. Nxe4
{[%clk 0:46:20]} Rxe4 {[%clk 1:15:19]} 14. Nf5 {[%clk 0:37:52]} Ne5
{[%clk 1:12:08]} 15. Nh6+ {[%clk 0:35:12]} Kh8 {[%clk 1:12:25]} 16. Bb3
{[%clk 0:19:55]} gxh6 {[%clk 1:08:34]} 17. c3 {[%clk 0:18:16]} Bf5
{[%clk 0:44:49]} 18. Rad1 {[%clk 0:11:11]} Be7 {[%clk 0:44:04]} 19. f4
{[%clk 0:08:13]} Ng6 {[%clk 0:32:01]} 20. Bxf7 {[%clk 0:06:42]} Bh4
{[%clk 0:31:37]} 21. Qf3 {[%clk 0:07:09]} Qxf7 {[%clk 0:31:20]} 22. g4
{[%clk 0:07:35]} Rae8 {[%clk 0:30:32]} 23. gxf5 {[%clk 0:07:10]} Rxe3
{[%clk 0:30:43]} 24. Qh5 {[%clk 0:07:34]} Rg3+ {[%clk 0:30:27]} 25. Kh2
{[%clk 0:07:31]} Rxh3+ {[%clk 0:30:46]} 0-1

[Event "MITROPA Cup 2014 WOMEN Section"]
[Site "Ruzomberok SLOVAKIA"]
[Date "2014.05.24"]
[Round "2"]
[Board "2"]
[White "Gazikova, Veronika"]
[Black "Mareckova, Martina"]
[Result "0-1"]
[WhiteElo "2144"]
[BlackElo "2114"]
[PlyCount "0"]
[EventDate "2014.05.23"]
[EventType "team"]
[EventRounds "9"]
[EventCountry "SVK"]
[WhiteTeam "Slovakia A"]
[BlackTeam "Czech republic A"]

1. e4 {[%clk 1:30:57]} e5 {[%clk 1:30:54]} 2. Nc3 {[%clk 1:31:22]} Nf6
{[%clk 1:29:45]} 3. f4 {[%clk 1:31:40]} d5 {[%clk 1:28:15]} 4. fxe5
{[%clk 1:32:02]} Nxe4 {[%clk 1:28:35]} 5. Nf3 {[%clk 1:32:26]} Nxc3
{[%clk 0:57:46]} 6. dxc3 {[%clk 1:28:00]} Be7 {[%clk 0:49:10]} 7. Bf4
{[%clk 1:23:07]} c5 {[%clk 0:46:07]} 8. Qd2 {[%clk 1:21:11]} Nc6 {[%clk 0:42:42]}
9. O-O-O {[%clk 1:16:11]} Be6 {[%clk 0:38:41]} 10. Be2 {[%clk 1:13:22]} Qa5
{[%clk 0:35:12]} 11. a3 {[%clk 1:09:32]} h6 {[%clk 0:34:21]} 12. h4
{[%clk 1:02:40]} b5 {[%clk 0:18:14]} 13. Kb1 {[%clk 0:57:22]} Rb8
{[%clk 0:12:00]} 14. Qc1 {[%clk 0:50:43]} b4 {[%clk 0:09:23]} 15. axb4
{[%clk 0:50:05]} cxb4 {[%clk 0:09:33]} 16. Nd4 {[%clk 0:49:36]} bxc3
{[%clk 0:04:40]} 17. Nxc6 {[%clk 0:44:00]} cxb2 {[%clk 0:05:05]} 18. Nxa5
{[%clk 0:44:19]} bxc1=Q+ {[%clk 0:05:31]} 19. Kxc1 {[%clk 0:44:40]} Ba3+
{[%clk 0:05:59]} 20. Kd2 {[%clk 0:45:02]} Bb4+ {[%clk 0:06:27]} 21. Ke3
{[%clk 0:43:49]} Bxa5 {[%clk 0:06:46]} 22. Bf3 {[%clk 0:43:24]} Bb6+
{[%clk 0:03:54]} 23. Ke2 {[%clk 0:43:42]} d4 {[%clk 0:03:46]} 24. Ra1
{[%clk 0:42:26]} Rc8 {[%clk 0:03:16]} 25. Be4 {[%clk 0:41:44]} O-O
{[%clk 0:01:33]} 26. Rhb1 {[%clk 0:37:51]} Rfe8 {[%clk 0:01:10]} 27. Kd2
{[%clk 0:30:00]} Rc5 {[%clk 0:01:34]} 28. Ra4 {[%clk 0:28:21]} Rc4
{[%clk 0:00:55]} 29. Ra6 {[%clk 0:27:45]} Rd8 {[%clk 0:00:59]} 30. Bd3
{[%clk 0:27:19]} Rc5 {[%clk 0:01:20]} 31. Kd1 {[%clk 0:26:09]} Bc4
{[%clk 0:01:20]} 32. Ra4 {[%clk 0:25:49]} Bxd3 {[%clk 0:01:11]} 33. cxd3
{[%clk 0:26:11]} Rc3 {[%clk 0:01:15]} 34. Ke2 {[%clk 0:26:19]} Re8
{[%clk 0:01:02]} 35. Kd2 {[%clk 0:24:19]} Rec8 {[%clk 0:01:30]} 36. Ke2
{[%clk 0:23:36]} Rc2+ {[%clk 0:01:26]} 37. Bd2 {[%clk 0:23:51]} Re8
{[%clk 0:00:59]} 38. Kd1 {[%clk 0:24:14]} Rc6 {[%clk 0:01:20]} 39. Bf4
{[%clk 0:24:13]} f6 {[%clk 0:01:18]} 40. exf6 {[%clk 0:24:33]} Rxf6
{[%clk 0:01:46]} 41. g3 {[%clk 0:24:43]} g5 {[%clk 0:27:49]} 42. hxg5
{[%clk 0:54:29]} hxg5 {[%clk 0:26:28]} 43. Bd2 {[%clk 0:54:30]} Rf1+
{[%clk 0:16:38]} 44. Kc2 {[%clk 0:54:53]} Rc8+ {[%clk 0:17:05]} 45. Kb2
{[%clk 0:51:56]} Rf3 {[%clk 0:12:31]} 46. Bxg5 {[%clk 0:50:24]} Rxg3
{[%clk 0:12:52]} 47. Bf4 {[%clk 0:50:33]} Rxd3 {[%clk 0:12:03]} 48. Rg1+
{[%clk 0:50:28]} Kf7 {[%clk 0:12:30]} 49. Raa1 {[%clk 0:50:28]} Rf3
{[%clk 0:12:20]} 50. Bd2 {[%clk 0:50:16]} d3 {[%clk 0:09:43]} 51. Rgf1
{[%clk 0:50:25]} Rxf1 {[%clk 0:09:57]} 52. Rxf1+ {[%clk 0:50:49]} Ke6
{[%clk 0:10:26]} 53. Bc3 {[%clk 0:51:02]} Kd5 {[%clk 0:10:38]} 54. Rf5+
{[%clk 0:50:59]} Ke4 {[%clk 0:09:59]} 55. Re5+ {[%clk 0:51:04]} Kf4
{[%clk 0:10:22]} 56. Rd5 {[%clk 0:51:27]} Rd8 {[%clk 0:10:24]} 57. Rxd8
{[%clk 0:50:45]} Bxd8 {[%clk 0:10:53]} 58. Bd2+ {[%clk 0:50:52]} Kf3
{[%clk 0:11:04]} 0-1

[Event "MITROPA Cup 2014 WOMEN Section"]
[Site "Ruzomberok SLOVAKIA"]
[Date "2014.05.24"]
[Round "2"]
[Board "1"]
[White "Fuchs, Judith"]
[Black "Marikova, Jana"]
[Result "1-0"]
[WhiteElo "2304"]
[BlackElo "2094"]
[PlyCount "0"]
[EventDate "2014.05.23"]
[EventType "team"]
[EventRounds "9"]
[EventCountry "SVK"]
[WhiteTeam "Germany"]
[BlackTeam "Czech republic B"]

1. e4 {[%clk 1:30:58]} c5 {[%clk 1:30:57]} 2. Nf3 {[%clk 1:31:22]} d6
{[%clk 1:31:23]} 3. d4 {[%clk 1:31:46]} cxd4 {[%clk 1:31:49]} 4. Nxd4
{[%clk 1:32:10]} Nf6 {[%clk 1:32:14]} 5. Nc3 {[%clk 1:32:32]} a6 {[%clk 1:32:41]}
6. Be3 {[%clk 1:32:52]} e5 {[%clk 1:33:05]} 7. Nb3 {[%clk 1:33:11]} Be7
{[%clk 1:32:16]} 8. f3 {[%clk 1:33:33]} Be6 {[%clk 1:29:54]} 9. Qd2
{[%clk 1:33:53]} Nbd7 {[%clk 1:28:53]} 10. g4 {[%clk 1:32:44]} O-O
{[%clk 1:28:40]} 11. O-O-O {[%clk 1:33:02]} b5 {[%clk 1:29:06]} 12. Rg1
{[%clk 1:32:38]} b4 {[%clk 1:26:19]} 13. Nd5 {[%clk 1:32:47]} Bxd5
{[%clk 1:24:53]} 14. exd5 {[%clk 1:33:10]} a5 {[%clk 1:18:38]} 15. g5
{[%clk 1:33:15]} Ne8 {[%clk 1:15:52]} 16. Kb1 {[%clk 1:31:13]} a4
{[%clk 1:10:40]} 17. Nc1 {[%clk 1:31:25]} Qa5 {[%clk 1:06:59]} 18. Bh3
{[%clk 1:20:15]} Nb6 {[%clk 1:00:31]} 19. Rg4 {[%clk 1:18:56]} Nc7
{[%clk 0:53:02]} 20. Bxb6 {[%clk 1:14:27]} Qxb6 {[%clk 0:53:26]} 21. Rxb4
{[%clk 1:14:47]} Qc5 {[%clk 0:50:30]} 22. a3 {[%clk 1:11:50]} Rfb8
{[%clk 0:42:44]} 23. Bd7 {[%clk 0:54:36]} Rxb4 {[%clk 0:35:08]} 24. axb4
{[%clk 0:54:54]} Qc4 {[%clk 0:34:12]} 25. Bc6 {[%clk 0:49:52]} Rb8
{[%clk 0:29:27]} 26. c3 {[%clk 0:44:00]} Nb5 {[%clk 0:19:56]} 27. Rg1
{[%clk 0:39:53]} a3 {[%clk 0:14:51]} 28. Qd3 {[%clk 0:29:56]} axb2
{[%clk 0:13:03]} 29. Kxb2 {[%clk 0:29:44]} Qxd3 {[%clk 0:11:01]} 30. Nxd3
{[%clk 0:30:09]} Nc7 {[%clk 0:09:42]} 31. Nf2 {[%clk 0:28:34]} f6
{[%clk 0:08:33]} 32. gxf6 {[%clk 0:25:48]} Bxf6 {[%clk 0:08:58]} 33. Ne4
{[%clk 0:25:49]} Be7 {[%clk 0:09:22]} 34. Kb3 {[%clk 0:25:22]} Rf8
{[%clk 0:08:42]} 35. Rf1 {[%clk 0:23:44]} g5 {[%clk 0:07:42]} 36. Rf2
{[%clk 0:22:03]} Rf4 {[%clk 0:06:12]} 37. b5 {[%clk 0:16:24]} Rf8
{[%clk 0:04:38]} 38. Kc4 {[%clk 0:15:32]} 1-0

[Event "MITROPA Cup 2014 WOMEN Section"]
[Site "Ruzomberok SLOVAKIA"]
[Date "2014.05.24"]
[Round "2"]
[Board "2"]
[White "Miturova, Magdalena"]
[Black "Osmanodja, Filiz"]
[Result "0-1"]
[WhiteElo "2060"]
[BlackElo "2271"]
[PlyCount "0"]
[EventDate "2014.05.23"]
[EventType "team"]
[EventRounds "9"]
[EventCountry "SVK"]
[WhiteTeam "Czech republic B"]
[BlackTeam "Germany"]

1. e4 {[%clk 1:30:57]} c5 {[%clk 1:30:59]} 2. Nf3 {[%clk 1:31:18]} d6
{[%clk 1:31:24]} 3. d4 {[%clk 1:31:40]} cxd4 {[%clk 1:31:53]} 4. Nxd4
{[%clk 1:32:00]} Nf6 {[%clk 1:32:21]} 5. Nc3 {[%clk 1:32:17]} Nc6
{[%clk 1:32:49]} 6. Bg5 {[%clk 1:32:31]} e6 {[%clk 1:32:43]} 7. Qd2
{[%clk 1:32:23]} Qb6 {[%clk 1:30:42]} 8. Nb3 {[%clk 1:32:36]} Be7
{[%clk 1:31:01]} 9. Bxf6 {[%clk 1:32:28]} gxf6 {[%clk 1:31:07]} 10. O-O-O
{[%clk 1:31:30]} Bd7 {[%clk 1:30:40]} 11. f4 {[%clk 1:31:42]} O-O-O
{[%clk 1:30:26]} 12. Be2 {[%clk 1:31:40]} h5 {[%clk 1:30:20]} 13. Rhf1
{[%clk 1:31:53]} Rdg8 {[%clk 1:29:11]} 14. Bf3 {[%clk 1:32:06]} Na5
{[%clk 1:23:14]} 15. Nxa5 {[%clk 1:23:58]} Qxa5 {[%clk 1:23:42]} 16. Kb1
{[%clk 1:20:55]} Kb8 {[%clk 1:21:38]} 17. Qd3 {[%clk 0:57:26]} Rc8
{[%clk 1:16:51]} 18. f5 {[%clk 0:47:18]} Rc7 {[%clk 1:08:16]} 19. Be2
{[%clk 0:43:12]} Qe5 {[%clk 1:04:40]} 20. Qg3 {[%clk 0:36:59]} Bc6
{[%clk 0:41:52]} 21. Qxe5 {[%clk 0:28:49]} fxe5 {[%clk 0:35:22]} 22. Rd3
{[%clk 0:24:11]} Rg8 {[%clk 0:29:56]} 23. Rg3 {[%clk 0:20:54]} Rxg3
{[%clk 0:29:16]} 24. hxg3 {[%clk 0:21:23]} d5 {[%clk 0:28:35]} 25. fxe6
{[%clk 0:12:30]} fxe6 {[%clk 0:28:37]} 26. Bf3 {[%clk 0:12:49]} Rd7
{[%clk 0:21:16]} 27. Re1 {[%clk 0:13:01]} Bf6 {[%clk 0:17:19]} 28. Bxh5
{[%clk 0:11:12]} d4 {[%clk 0:16:22]} 29. Nd1 {[%clk 0:10:56]} Rg7
{[%clk 0:16:06]} 30. Nf2 {[%clk 0:08:07]} Rxg3 {[%clk 0:15:19]} 31. Bf3
{[%clk 0:08:29]} Bh4 {[%clk 0:13:12]} 32. Rf1 {[%clk 0:07:39]} Rg6
{[%clk 0:11:39]} 33. Nd3 {[%clk 0:07:51]} Bg3 {[%clk 0:11:31]} 34. Rh1
{[%clk 0:08:09]} Kc7 {[%clk 0:10:50]} 35. c4 {[%clk 0:04:55]} dxc3
{[%clk 0:09:20]} 36. bxc3 {[%clk 0:04:13]} Bb5 {[%clk 0:07:36]} 37. Rh7+
{[%clk 0:03:22]} Kc6 {[%clk 0:06:08]} 38. Nb2 {[%clk 0:03:34]} Rg8
{[%clk 0:03:58]} 39. c4 {[%clk 0:03:09]} Ba6 {[%clk 0:04:20]} 40. Kc2
{[%clk 0:02:44]} Rd8 {[%clk 0:01:15]} 41. Re7 {[%clk 0:00:32]} Kd6
{[%clk 0:19:02]} 42. Rg7 {[%clk 0:28:08]} Bf4 {[%clk 0:19:04]} 43. Be2
{[%clk 0:24:53]} Kc6 {[%clk 0:12:49]} 44. Bd3 {[%clk 0:12:47]} Be3
{[%clk 0:13:02]} 45. g4 {[%clk 0:10:49]} Rh8 {[%clk 0:10:29]} 46. Kb3
{[%clk 0:05:01]} Rh2 {[%clk 0:10:22]} 47. g5 {[%clk 0:02:51]} Bd4
{[%clk 0:05:22]} 48. Na4 {[%clk 0:01:37]} Rh3 {[%clk 0:05:30]} 49. Kc2
{[%clk 0:01:59]} b5 {[%clk 0:05:18]} 50. cxb5+ {[%clk 0:01:18]} Bxb5
{[%clk 0:05:46]} 51. Bxb5+ {[%clk 0:00:54]} Kxb5 {[%clk 0:06:14]} 52. Nb2
{[%clk 0:00:40]} Rh2+ {[%clk 0:05:58]} 53. Kd3 {[%clk 0:00:52]} Bxb2
{[%clk 0:05:49]} 54. Rxa7 {[%clk 0:00:41]} Bd4 {[%clk 0:04:33]} 55. a4+
{[%clk 0:00:48]} Kb4 {[%clk 0:04:01]} 56. Rb7+ {[%clk 0:01:00]} Kxa4
{[%clk 0:03:54]} 57. g6 {[%clk 0:01:07]} Rh3+ {[%clk 0:04:03]} 58. Ke2
{[%clk 0:00:40]} Rg3 {[%clk 0:03:51]} 59. g7 {[%clk 0:00:54]} Ka5
{[%clk 0:04:00]} 60. Kd2 {[%clk 0:00:43]} Ka6 {[%clk 0:04:12]} 61. Re7
{[%clk 0:00:48]} Kb5 {[%clk 0:04:32]} 62. Rc7 {[%clk 0:00:58]} Kb6
{[%clk 0:04:50]} 63. Re7 {[%clk 0:01:20]} Kc5 {[%clk 0:04:35]} 64. Rc7+
{[%clk 0:01:34]} Kd6 {[%clk 0:04:33]} 65. Rb7 {[%clk 0:01:56]} Be3+
{[%clk 0:03:44]} 66. Ke2 {[%clk 0:02:01]} Bh6 {[%clk 0:04:00]} 67. Rb6+
{[%clk 0:02:04]} Ke7 {[%clk 0:04:18]} 68. Rb3 {[%clk 0:01:53]} Rxg7
{[%clk 0:03:49]} 0-1

[Event "MITROPA Cup 2014 WOMEN Section"]
[Site "Ruzomberok SLOVAKIA"]
[Date "2014.05.24"]
[Round "2"]
[Board "1"]
[White "Srebrnic, Ana"]
[Black "Exler, Veronika"]
[Result "1/2-1/2"]
[WhiteElo "2243"]
[BlackElo "2156"]
[PlyCount "0"]
[EventDate "2014.05.23"]
[EventType "team"]
[EventRounds "9"]
[EventCountry "SVK"]
[WhiteTeam "Slovenia"]
[BlackTeam "Austria"]

1. e4 {[%clk 1:30:34]} e5 {[%clk 1:30:16]} 2. Nc3 {[%clk 1:30:18]} Nc6
{[%clk 1:29:37]} 3. g3 {[%clk 1:29:23]} Nf6 {[%clk 1:29:14]} 4. Bg2
{[%clk 1:29:46]} Bc5 {[%clk 1:26:21]} 5. Nge2 {[%clk 1:29:41]} a6
{[%clk 1:22:50]} 6. d3 {[%clk 1:27:51]} d6 {[%clk 1:08:32]} 7. O-O
{[%clk 1:27:13]} Be6 {[%clk 1:05:52]} 8. Nd5 {[%clk 1:24:07]} Qd7
{[%clk 0:45:43]} 9. Bg5 {[%clk 1:20:08]} Ng4 {[%clk 0:44:43]} 10. c3
{[%clk 1:12:52]} f6 {[%clk 0:43:52]} 11. Bd2 {[%clk 1:09:00]} f5 {[%clk 0:41:51]}
12. exf5 {[%clk 1:05:03]} Bxf5 {[%clk 0:25:08]} 13. d4 {[%clk 0:54:36]} Ba7
{[%clk 0:18:17]} 14. Ne3 {[%clk 0:41:45]} Nxe3 {[%clk 0:13:13]} 15. Bxe3
{[%clk 0:41:50]} Bh3 {[%clk 0:10:04]} 16. d5 {[%clk 0:35:19]} Ne7
{[%clk 0:10:03]} 17. Bxh3 {[%clk 0:19:35]} Qxh3 {[%clk 0:10:31]} 18. Bxa7
{[%clk 0:19:59]} Rxa7 {[%clk 0:10:57]} 19. f4 {[%clk 0:20:15]} O-O
{[%clk 0:10:45]} 20. fxe5 {[%clk 0:17:44]} Rxf1+ {[%clk 0:11:10]} 21. Qxf1
{[%clk 0:18:10]} Qxf1+ {[%clk 0:11:31]} 22. Rxf1 {[%clk 0:15:47]} dxe5
{[%clk 0:12:00]} 23. Rd1 {[%clk 0:12:41]} Ra8 {[%clk 0:11:34]} 24. c4
{[%clk 0:13:06]} Nf5 {[%clk 0:10:42]} 25. Re1 {[%clk 0:09:42]} b5
{[%clk 0:08:23]} 26. cxb5 {[%clk 0:07:17]} axb5 {[%clk 0:08:52]} 27. a3
{[%clk 0:07:42]} b4 {[%clk 0:08:12]} 28. axb4 {[%clk 0:07:33]} Rb8
{[%clk 0:08:39]} 29. Nc3 {[%clk 0:07:15]} Nd4 {[%clk 0:08:28]} 30. Kf2
{[%clk 0:04:09]} Rxb4 {[%clk 0:07:18]} 31. Rxe5 {[%clk 0:04:21]} Rxb2+
{[%clk 0:07:29]} 32. Ke3 {[%clk 0:04:11]} Nb5 {[%clk 0:01:45]} 33. Nxb5
{[%clk 0:00:42]} Rxb5 {[%clk 0:02:14]} 34. Re7 {[%clk 0:00:33]} 1/2-1/2

[Event "MITROPA Cup 2014 WOMEN Section"]
[Site "Ruzomberok SLOVAKIA"]
[Date "2014.05.24"]
[Round "2"]
[Board "2"]
[White "Novkovic, Julia"]
[Black "Kolaric, Spela"]
[Result "1-0"]
[WhiteElo "2126"]
[BlackElo "2048"]
[PlyCount "0"]
[EventDate "2014.05.23"]
[EventType "team"]
[EventRounds "9"]
[EventCountry "SVK"]
[WhiteTeam "Austria"]
[BlackTeam "Slovenia"]

1. e4 {[%clk 1:30:55]} c5 {[%clk 1:30:26]} 2. Nf3 {[%clk 1:30:59]} e6
{[%clk 1:30:34]} 3. d4 {[%clk 1:31:24]} cxd4 {[%clk 1:30:48]} 4. Nxd4
{[%clk 1:31:47]} a6 {[%clk 1:30:41]} 5. Nc3 {[%clk 1:32:00]} b5 {[%clk 1:30:45]}
6. Bd3 {[%clk 1:32:11]} Qb6 {[%clk 1:30:55]} 7. Nb3 {[%clk 1:31:53]} Qc7
{[%clk 1:31:05]} 8. O-O {[%clk 1:29:48]} Bb7 {[%clk 1:30:16]} 9. Qe2
{[%clk 1:29:14]} Nf6 {[%clk 1:29:37]} 10. Bd2 {[%clk 1:17:45]} d6
{[%clk 1:28:22]} 11. a4 {[%clk 1:16:53]} b4 {[%clk 1:20:50]} 12. Na2
{[%clk 1:17:15]} a5 {[%clk 1:19:09]} 13. c3 {[%clk 1:07:36]} bxc3
{[%clk 1:14:57]} 14. Nxc3 {[%clk 1:05:39]} Nbd7 {[%clk 1:07:45]} 15. Nb5
{[%clk 1:03:52]} Qb6 {[%clk 1:01:53]} 16. Rfc1 {[%clk 0:55:44]} Nc5
{[%clk 0:58:21]} 17. Bxa5 {[%clk 0:48:09]} Rxa5 {[%clk 0:57:08]} 18. Nxa5
{[%clk 0:48:18]} Qxa5 {[%clk 0:56:11]} 19. b4 {[%clk 0:25:00]} Qxb4
{[%clk 0:53:39]} 20. Nc7+ {[%clk 0:24:58]} Kd8 {[%clk 0:50:25]} 21. Rab1
{[%clk 0:25:21]} Qxa4 {[%clk 0:43:45]} 22. Rxc5 {[%clk 0:24:10]} dxc5
{[%clk 0:43:46]} 23. Rxb7 {[%clk 0:24:17]} Nd7 {[%clk 0:41:30]} 24. Qb2
{[%clk 0:18:42]} Qd4 {[%clk 0:35:30]} 25. Qb5 {[%clk 0:14:12]} c4 26. Nd5
{[%clk 0:11:27]} Nb6 {[%clk 0:28:20]} 27. Rb8+ {[%clk 0:09:52]} Nc8
{[%clk 0:28:29]} 28. Qa5+ {[%clk 0:09:57]} 1-0